000 00551 a2200145 4500
003 OSt
005 20260209171034.0
008 260209b |||||||| |||| 00| 0 eng d
020 _a9789391558000
100 _aक्षीरसागर क.
_940315
245 _aअष्टपैलू शास्त्रज्ञ डॉ. गोविंद बाळकृष्ण देवाडीकर
260 _bभारतीय विचार साधना प्रकाशन
_c2021
_aपुणे
300 _a88pp.
942 _cBK
_2ddc
999 _c370102
_d370102